Greatest Cartoon Characters Quiz Stats

 Plays Quiz Updated Jan 24, 2012

Support Sporcle.
Go Orange.
Score 0/50 Timer 07:00
7 Plays Today
Rank Cartoon Character % Correct
1Bugs Bunny
73.4%
19Mickey Mouse
70.9%
14Daffy Duck
60.5%
43Donald Duck
56.4%
2Homer Simpson
55.4%
50Tom and Jerry
52.7%
11Bart and Lisa Simpson
50.8%
6Fred and Barney
44%
38Wile E. Coyote and Road Runner
39%
9SpongeBob SquarePants
38.3%
22Scooby-Doo
37.8%
33Tweety and Sylvester
36.4%
40Batman
35.2%
39Superman
34.1%
47Porky Pig
29%
20Popeye
22.1%
10Cartman
21.9%
8Charlie Brown and Snoopy
21.8%
36Yogi Bear and Boo Boo
21.2%
31Ren and Stimpy
17.5%
3Rocky and Bullwinkle
14.2%
4Beavis and Butt-head
13.3%
27Winnie the Pooh
13.1%
37Mighty Mouse
12.7%
17Betty Boop
12%
Rank Cartoon Character % Correct
46Woody Woodpecker
10.8%
42Wonder Woman
10.7%
15Pikachu
8.8%
28Felix the Cat
8%
18Top Cat
7.8%
23Underdog
7.8%
13The Powerpuff Girls
7.6%
49Speed Racer
7.6%
44Alvin
6.2%
35Space Ghost
6%
26Arthur
5.3%
12Fat Albert
4.5%
41Daria
4%
5The Grinch
3.6%
29Mr. Magoo
3.5%
45Boris Badenov and Natasha Fatale
3.3%
48Bobby Hill
3.2%
7Angelica Pickles
3.2%
24Josie and the Pussycats
2.9%
16Gumby
2.9%
30George of the Jungle
2.4%
25Heckle and Jeckle
2.3%
34Bill
2.2%
21Gerald McBoing-Boing
1%
32Tom Terrific
1%

You're not logged in!

Compare scores with friends on all Sporcle quizzes.
OR
Log In
Forgot?

From the Vault

ABA Teams

by JustJamie

Sports 8m
It was a landmark period in the history of short shorts.
Remove Ads.
Support Sporcle.
Get the best of Sporcle when you Go Orange. This ad-free experience offers more features, more stats, and more fun while also helping to support Sporcle. Thank you for becoming a member.

Show Comments

Extras

Top Quizzes Today


Score Distribution

Your Account Isn't Verified!

In order to create a playlist on Sporcle, you need to verify the email address you used during registration. Go to your Sporcle Settings to finish the process.

Report this User

Report this user for behavior that violates our Community Guidelines.

Details: